| 000 | 00639nam a22002297a 4500 | ||
|---|---|---|---|
| 001 | 00260 | ||
| 003 | DO-SdBNP | ||
| 005 | 20180124091318.0 | ||
| 008 | 151215b 2008 nyu xxu||||| |||| 00| 0 spa d | ||
| 020 | _a9780810995529 | ||
| 040 |
_aBPMSU _bspa _cBPMSU |
||
| 092 |
_axxxxx _bxxxxx |
||
| 100 | 1 | _aKinney, Jeff | |
| 240 | 1 | 0 |
_aRodrick rules. _lEspañol. |
| 245 | 1 | 0 |
_aDiary of a wimpy kid : _bRodrick rules / _cJeff Kinney. |
| 260 |
_aNew York : _bAmulet Books, _c2008. |
||
| 300 |
_a216 p. : _bil. ; _c21 cm. |
||
| 910 | _a00260 | ||
| 942 |
_2ddc _cBK |
||
| 945 | _aInventariado extranjero / 2018 VM | ||
| 956 |
_aLorenza Pérez _b10 |
||
| 999 |
_c9116 _d9116 |
||